| 000 | 00567nam a2200181 a 4500 | ||
|---|---|---|---|
| 005 | 20210223125024.0 | ||
| 008 | 030620s1974 mx r 000 0 spa d | ||
| 035 | _aUPN01000126425 | ||
| 049 | _aSEP | ||
| 050 | 4 |
_aAC75 _bS4 no. 130 |
|
| 245 | 0 | 3 |
_aEl arca de Noé / _ccomp. Emilio Carballido ; antología y apostillas de teatro infantil Myra Gann. |
| 260 |
_aMéxico : _bSEP, _c1974. |
||
| 300 | _a171 p. | ||
| 440 | 0 |
_aSepSetentas ; _v130 |
|
| 650 | 4 |
_aTEATRO ESCOLAR E INFANTIL MEXICANO _913114 |
|
| 700 | 1 |
_aCarballido, Emilio, _d1925-2008 _ecomp. |
|
| 905 | _aLibro | ||
| 999 |
_c98604 _d98604 |
||